Моделирование селективного переноса излучения через плазменные покрытия типа TiO2/Ag/TiO2; Радиационно-термические эффекты и процессы в неорганических материалах

Bibliographic Details
Parent link:Радиационно-термические эффекты и процессы в неорганических материалах.— 2002.— С. 310-312
Main Author: Баинов Д. Д. Даши Дамбаевич
Other Authors: Легостаев В. Н. Виктор Никифорович, Кривобоков В. П. Валерий Павлович
Language:Russian
Published: 2002
Subjects:
Format: Book Chapter
KOHA link:https://koha.lib.tpu.ru/cgi-bin/koha/opac-detail.pl?biblionumber=92590

MARC

LEADER 00000naa2a2200000 4500
001 92590
005 20240212112622.0
035 |a (RuTPU)RU\TPU\book\99195 
035 |a RU\TPU\tpu\12682 
090 |a 92590 
100 |a 20060315d2002 k y0rusy50 ca 
101 0 |a rus 
102 |a RU 
200 1 |a Моделирование селективного переноса излучения через плазменные покрытия типа TiO2/Ag/TiO2  |f Д. Д. Баинов, В. Н. Легостаев, В. П. Кривобоков 
320 |a Библиогр.: 3 назв. 
463 0 |0 (RuTPU)RU\TPU\book\50367  |t Радиационно-термические эффекты и процессы в неорганических материалах  |o Труды III Международной конференции , Томск, 29 июля - 3 августа 2002 г.  |f Российская Академия естественных наук; Томский политехнический университет; Алтайский государственный технический университет; Бурятский научный центр  |v С. 310-312  |d 2002  |p 390 с. 
610 1 |a моделирование 
610 1 |a селективный перенос 
610 1 |a излучения 
610 1 |a плазменные покрытия 
610 1 |a тонкоплёночные покрытия 
610 1 |a стекло 
610 1 |a покрытия 
610 1 |a труды учёных ТПУ 
700 1 |a Баинов  |b Д. Д.  |c специалист в области плазменных технологий  |c научный сотрудник Томского политехнического университета, кандидат технических наук  |f 1978-  |g Даши Дамбаевич  |3 (RuTPU)RU\TPU\pers\31142  |9 15338 
701 1 |a Легостаев  |b В. Н.  |c российский физик  |c старший научный сотрудник Томского политехнического университета, кандидат технических наук  |f 1947-  |g Виктор Никифорович  |3 (RuTPU)RU\TPU\pers\30671 
701 1 |a Кривобоков  |b В. П.  |c физик  |c профессор Томского политехнического университета, доктор физико-математических наук  |f 1948-  |g Валерий Павлович  |3 (RuTPU)RU\TPU\pers\21971  |9 9290 
801 1 |a RU  |b 63413507  |c 20060208  |g PSBO 
801 2 |a RU  |b 63413507  |c 20150409  |g PSBO 
942 |c BK